000 01128nam a2200289 a 4500
001 BRCA_1131
005 20190320203308.0
008 930408s1993 mx-a---##b---#000-0dspa-#
020 _a9687009381
040 _aDLC
_cDLC
_dDLC
050 4 _aND1432
_b.A7 1993
100 1 _aArmella de Aspe, Virginia
_92324
245 1 0 _aTesoros de la Pinacoteca Virreinal
_cVirginia Armella de Aspe, Mercedes Meade de Angulo.
250 _a2
260 _aMéxico
_bFomento Cultural Banamex, A.C.
_c1993
300 _a259 p.
_bil. a color
_c32 cm.
500 _aApéndice 1. Documento de Constitución de la Academia de Pintores Novohispanos
504 _aBibliografía: p. 241-242
610 2 4 _aPinacoteca Virreinal de San Diego (Ciudad de México)
_xCatálogos
_93729
650 1 4 _aPintura mexicana
_vCatálogos
_93411
650 1 4 _aPintura colonial
_vCatálogos
_zMéxico
_93412
650 1 4 _aArte cristiano y simbolismo
_xCatálogos
_zMéxico
_93730
650 1 4 _aPintura española
_vCatálogos
_93731
700 1 _aMeade de Angulo, Mercedes
_9281
710 2 _aPinacoteca Vireinal de San Diego (Ciudad de México)
_93732
942 _2lcc
_cB
999 _c1009
_d1009